Application of Quantitative Techniques for the prediction of bank Acquistion Targets (Record no. 9206)
[ view plain ]
| 000 -LEADER | |
|---|---|
| fixed length control field | 00555nam a22001817a 4500 |
| 003 - CONTROL NUMBER IDENTIFIER | |
| control field | OSt |
| 005 - DATE AND TIME OF LATEST TRANSACTION | |
| control field | 20240716155616.0 |
| 008 - FIXED-LENGTH DATA ELEMENTS--GENERAL INFORMATION | |
| fixed length control field | 240716b |||||||| |||| 00| 0 eng d |
| 040 ## - CATALOGING SOURCE | |
| Transcribing agency | MUST |
| 082 ## - DEWEY DECIMAL CLASSIFICATION NUMBER | |
| Classification number | 332.1 PAS 2005 |
| 100 ## - MAIN ENTRY--PERSONAL NAME | |
| Personal name | Fotios Pasiouras...[et al] |
| 9 (RLIN) | 18793 |
| 245 ## - TITLE STATEMENT | |
| Title | Application of Quantitative Techniques for the prediction of bank Acquistion Targets |
| Statement of responsibility, etc. | Fotios Pasiouras |
| 300 ## - PHYSICAL DESCRIPTION | |
| Extent | xiii, 278p |
| Other physical details | ill. |
| Dimensions | 23cm |
| 440 ## - SERIES STATEMENT/ADDED ENTRY--TITLE | |
| Title | series on computers and operations Research |
| 9 (RLIN) | 18794 |
| 504 ## - BIBLIOGRAPHY, ETC. NOTE | |
| Bibliography, etc | indexes |
| 650 ## - SUBJECT ADDED ENTRY--TOPICAL TERM | |
| Source of heading or term | Banking |
| 942 ## - ADDED ENTRY ELEMENTS (KOHA) | |
| Source of classification or shelving scheme | Dewey Decimal Classification |
| Koha item type | Open Shelf |
| Withdrawn status | Lost status | Source of classification or shelving scheme | Damaged status | Not for loan | Home library | Current library | Date acquired | Inventory number | Total Checkouts | Full call number | Barcode | Date last seen | Price effective from | Koha item type |
|---|---|---|---|---|---|---|---|---|---|---|---|---|---|---|
| Dewey Decimal Classification | MUST Main Library | MUST Main Library | 16/07/2024 | 11/33659 | 332.1 PAS 2005 | 2024-21992 | 16/07/2024 | 16/07/2024 | Open Shelf |
